| 000 | 00511nam a2200169 4500 | ||
|---|---|---|---|
| 001 | 139994 | ||
| 003 | ES-MaACL | ||
| 005 | 20230906195952.0 | ||
| 007 | t| | ||
| 008 | 070214s1970 sp r ||||1| spa d | ||
| 100 | 1 |
_aSchmidt-Goerg, Joseph. _9104500 |
|
| 245 | 1 | 0 |
_aLudwig van Beethoven / _cJoseph Schmidt-Görg, Dr. Hans Schmidt. |
| 260 |
_aBarcelona [etc.] : _bAHR [etc.], _c1970. |
||
| 300 |
_a264 p., 16 lám. col. ; _c31 cm. |
||
| 700 | 1 |
_aSchmidt, Hans. _9104478 |
|
| 852 |
_aES-MaACL _jC-41265 _bR.76577 |
||
| 999 |
_c139994 _d139994 |
||